Modern Economic and commercial geography / (Record no. 8562)
[ view plain ]
| 000 -LEADER | |
|---|---|
| fixed length control field | 00687nam a2200241 a 4500 |
| 001 - CONTROL NUMBER | |
| JCCL Control Number | 8562 |
| 003 - CONTROL NUMBER IDENTIFIER | |
| JCCL marc code | BD - JhCC |
| 005 - DATE AND TIME OF LATEST TRANSACTION | |
| control field | 20180925175711.0 |
| 008 - FIXED-LENGTH DATA ELEMENTS--GENERAL INFORMATION | |
| fixed length control field | 890817m1965 bg bc 000 0 eng d |
| 035 ## - SYSTEM CONTROL NUMBER | |
| system control number | (BD - JhCC)8562 |
| 040 ## - CATALOGING SOURCE | |
| Original cataloging agency | WAU |
| Transcribing agency | WAU |
| Modifying agency | UIU |
| -- | BD - JhCC |
| 041 ## - LANGUAGE CODE | |
| Language code of Book | eng |
| 082 ## - DEWEY DECIMAL CLASSIFICATION NUMBER | |
| Author mark and Year | MOD 1985 |
| Classification number | 330.9541 |
| 090 ## - LOCALLY ASSIGNED LC-TYPE CALL NUMBER (OCLC); LOCAL CALL NUMBER (OCLC) | |
| Classification number (OCLC) (R) ; Classification number, CALL (RLIN) (NR) | Z6621.U623 |
| Local cutter number (OCLC) ; Book number/undivided call number, CALL (RLIN) | B35 1985 |
| 100 ## - MAIN ENTRY--PERSONAL NAME | |
| Personal name | Khan, Md. Shahjahan |
| 245 13 - TITLE STATEMENT | |
| Title | Modern Economic and commercial geography / |
| Remainder of title | Md. Shahjahan Khan, |
| 260 ## - PUBLICATION, DISTRIBUTION, ETC. (IMPRINT) | |
| Place of publication, distribution, etc | Dhaka, Bangladesh : |
| Name of publisher, distributor, etc | Dhaka University Library, |
| Date of publication, distribution, etc | 1985- |
| 300 ## - PHYSICAL DESCRIPTION | |
| Pagination | 305 p. : |
| Dimensions | 21 cm. |
| 650 ## - SUBJECT ADDED ENTRY--TOPICAL TERM | |
| Topical term or geographic name as entry element | Economic geography |
| Geographic subdivision | Pakistan |
| 650 ## - SUBJECT ADDED ENTRY--TOPICAL TERM | |
| Topical term or geographic name as entry element | Commercial geography |
| 942 ## - ADDED ENTRY ELEMENTS (KOHA) | |
| Source of classification or shelving scheme | Dewey Decimal Classification |
| Koha item type | Books |
| Source of classification or shelving scheme | Damaged status | Not for loan | Home library | Current library | Shelving location | Total Checkouts | Full call number | Barcode | Date last seen | Copy number | Koha item type |
|---|---|---|---|---|---|---|---|---|---|---|---|
| Dewey Decimal Classification | JCC Rouf Library | JCC Rouf Library | General Stacks | 330.9541 MOD 1985 | 11322 | 02/27/2018 | C - 1 | Books |